Tuyển tập văn học Ba tập T.2 Văn hoá nghệ thuật là một mặt trận

Tuyển tập các bài viết, bài nói của Chủ tịch Hồ Chí Minh về văn hoá, văn nghệ, báo chí.. từ những năm 20 của thế kỷ đến khi qua đời

Na minha lista:
Detalhes bibliográficos
Autor principal: Hồ Chí Minh
Formato: Livro
Idioma:Vietnamese
Publicado em: H. Văn học 1995
Assuntos:
Tags: Adicionar Tag
Sem tags, seja o primeiro a adicionar uma tag!
Thư viện lưu trữ: Mạng thư viện Đại học Đà Nẵng
LEADER 01491nam a2200397 4500
001 000007467
003 3629
005 20111004091010.0
008 111004s1995 viesd
020 |c 22000 
041 0 |a vie 
082 |a 895.922.08  |b HÔ-M 
100 0 |a Hồ Chí Minh 
245 1 0 |a Tuyển tập văn học  |b Ba tập  |c Hồ Chí Minh ; Lữ Huy Nguyên sưu tầm, tuyển chọn  |n T.2  |p Văn hoá nghệ thuật là một mặt trận 
260 |a H.  |b Văn học  |c 1995 
300 |a 449 tr.  |c 19 cm. 
520 |a Tuyển tập các bài viết, bài nói của Chủ tịch Hồ Chí Minh về văn hoá, văn nghệ, báo chí.. từ những năm 20 của thế kỷ đến khi qua đời 
653 |a Văn học hiện đại 
653 |a Việt Nam 
653 |a Hồ Chí Minh 
653 |a Tuyển tập 
653 |a Truyện 
653 |a Tác phẩm văn học 
653 |a Kí 
773 |t Tuyển tập văn học  |w 3625 
910 |a Huỳnh Thị Cẩm Lai  |d 04/10/2011 
OWN |a LSP 
AVA |a UDN50  |b LSP  |d 895.922.08 HÔ-M  |e available  |t Error 5001 Not defined in file expand_doc_bib_avail.  |f 4  |g 0  |h N  |i 0  |k 1 
999 |a From the UDN01 
AVA |a UDN50  |b LSP  |d 895.922.08 HÔ-M  |e available  |t Error 5001 Not defined in file expand_doc_bib_avail.  |f 4  |g 0  |h N  |i 0  |k 1 
TYP |a Monograph 
TYP |a Printed language 
980 |a Mạng thư viện Đại học Đà Nẵng